| 000 | 00859nam a2200253 a 4500 | ||
|---|---|---|---|
| 001 | 32607 | ||
| 003 | BD-RjUL | ||
| 005 | 20211209051849.0 | ||
| 008 | 150831t1955 nyuab b 001 0 eng d | ||
| 035 | _a(BD-RjUL) 32696 | ||
| 040 |
_aDLC _beng _cDLC _dBD-RjUL |
||
| 041 | 1 |
_aeng _hger |
|
| 082 | 0 | 4 |
_a953.0297272 _bFEM 1955 |
| 100 | 1 |
_aFernau, F. W. _999218 |
|
| 245 | 1 | 0 |
_aMoslems on the March : _bPeople and politics in the world of Islam / _cby F.W. Fernau ; translated from the German by E.W. Dickes |
| 260 |
_aLondon : _bRobert Hale Limited, _c1955. |
||
| 300 |
_axi, 312, [vi] p. : _bill. ; _c22 cm. |
||
| 504 | _aIncludes index. | ||
| 650 | 1 | 7 |
_aIslam and politics. _999219 |
| 651 | 0 |
_aMiddle East _xPolitics and government. _999220 |
|
| 700 | 1 |
_aDickes, E. W. _q(Ernest Walter), _d1876- _999221 |
|
| 942 |
_2ddc _cBK _03 |
||
| 999 |
_c32607 _d32607 |
||